000 02207nam a22003017a 4500
999 _c63660
_d63660
003 Ge_BSU
005 20251203162038.0
008 251203s2025 ge ||||| |||| 00| 0 geo d
020 _a9789941996429
041 _ageo
080 _a32(479.22)(092) : 314(479.22)(092) : 929(479.22)(084.12) ჯ-21
100 _aჯანელიძე, ოთარ
_91743
245 _aგიორგი გვაზავა = Giorgi Gvazava :
_b[ცხოვრება და მოღვაწეობა] /
_cოთარ ჯანელიძე; თარგმანი გვანცა ნიკურაძე; პროექტის კოორდინატორი მირიან ხოსიტაშვილი; არქივარიუსი ლევან თაქთაქიშვილი; დიზაინი მაკა ცომაია.
264 _aთბილისი :
_bსაქართველოს პარლამენტის ეროვნული ბიბლიოთეკა,
_c2025.
300 _a208 გვ. :
_bფოტ. ;
_c31 სმ.
500 _aგარეკანი, თავფურცელი და ტექსტი ქართულ და ინგლისურ ენებზე.
504 _aბიბლიოგრაფია ტექსტის შენიშვნებში.
653 _aგვაზავა, გიორგი, 1868-1941
653 _aპოლიტიკოსები
653 _aსაზოგადო მოღვაწეები
653 _aქართველ მოღვაწეთა ბიოგრაფიები
653 _aფოტოილუსტრაციები
700 _aნიკურაძე, გვანცა
_eმთარგმნელი
_926335
700 _aხოსიტაშვილი, მირიან
_eპროექტის კოორდინატორი
_926336
700 _aთაქთაქიშვილი, ლევან
_eარქივარიუსი
_9328
700 _aცომაია, მაკა
_eდიზაინერი
_917654
942 _2udc
_cᲬᲘᲒᲜᲘ